000 01133cam a2200325 i 4500
003 EG-GICUC
005 20260310111451.0
008 260310s1999 nyu fr 000 0deng d
040 _aEG-GICUC
_cEG-GICUC
_dEG-GICUC
_erda
_beng
082 0 0 _a347.224
_221
092 0 4 _221
099 _aLaw 12 1999
100 1 _aSmit, Hans.
245 1 2 _aCommercial arbitration :
_ban international bibliography /
_cH. Smit, V. Pechota.
250 _a2nd edition.
264 _a[Yonkers, N.Y.] :
_bJuris Pub. ;
_a[London] :
_bSweet & Maxwell,
_c1999.
300 _axxv, 752 pages ;
_c26 cm.
_billustrations,
336 _atext
_2rdacontent
337 _aComputer
_2rdamedia
338 _aOnline Resource
_2rdacarrier
440 0 _aSmit's guides to international arbitration series,
504 _aincludes bibliographical references.
650 0 _aArbitration and award, international
_vBibliography.
_2qrmak
650 0 _aCommercial arbitration
_vBibliography.
_2qrmak
651 1 _2qrmak
700 1 _aPěchota, Vratislav.
856 4 0 _uhttps://fll.law.cu.edu.eg/fulltext/bks/ENGB12-00085.pdf
905 _a10
942 _2ddc
_cBK
_e21
_n0
999 _c65953
_d65953